000 00295nam a22001337a 4500
008 210310b ||||| |||| 00| 0 eng d
041 _aeng
080 _a510
082 _a510
100 _a36
101 _aMAT
245 _aFormal Logic:Its Scope and Limits
_cJeffrey,C.R
942 _2udc
_cBK
999 _c56128
_d56128